| 000 | 01138ntm a2200229 i 4500 | ||
|---|---|---|---|
| 001 | 180737 | ||
| 003 | ES-MaACL | ||
| 005 | 20250929143019.0 | ||
| 008 | 120706q1837 sp |||| | spa d | ||
| 245 | 0 | 1 |
_a[Varios geología] [ _hManuscrito]. |
| 260 |
_a[S.l. : _bs.n., _cca. 1837] |
||
| 300 |
_a[24] p. : _bil. col. ; _c22 cm. |
||
| 500 | _aAl final del texto: "Estos apuntes no son más, ignoro su autor lo único que recuerdo confusamente es que me los dio o prestó Madariaga Dn Juan, [firmado] Bauzá. | ||
| 505 | 8 | _aContiene: Desde Villanueva del Río a Lora, 1834 [8 p.] ; Riotinto: noticias dadas por el ingeniero D. Joaquín Ezquerra, 1837? [4 p.] ; 1834: apuntes sobre el terreno de Riotinto [12 p.] | |
| 530 | _aDisponible en formato digital. | ||
| 650 | 4 |
_aGeología- _zEspaña. _9138819 |
|
| 700 | 1 |
_aBauzá, Felipe. _926627 |
|
| 700 | 1 |
_aEzquerra del Bayo, Joaquín, _d1793-1859 _948476 |
|
| 852 | 4 |
_aES-MaACL _jT-1106-F-2 _z- Legado Federico de Botella y de Hornos |
|
| 856 | 4 |
_uhttps://bvpb.mcu.es/es/consulta/registro.do?id=577746 _zBiblioteca Virtual del Patrimonio Bibliográfico |
|
| 999 |
_c180737 _d180737 |
||